Central Library OPAC University of Rajshahi

An outstanding original source of Panjab history : (Record no. 27734)

MARC details
000 -LEADER
fixed length control field 01088nam a22002652 4500
001 - CONTROL NUMBER
control field 27734
003 - CONTROL NUMBER IDENTIFIER
rucl marc code BD-RjUL
005 - DATE AND TIME OF LATEST TRANSACTION
control field 20211209051208.0
008 - FIXED-LENGTH DATA ELEMENTS--GENERAL INFORMATION
fixed length control field 140327s1961 ii a 001 0 eng d
035 ## - SYSTEM CONTROL NUMBER
System control number (BD-RjUL)27813
-- OCLC ocm01219646 from D961118M
040 ## - CATALOGING SOURCE
Original cataloging agency TEU
Transcribing agency TEU
Modifying agency EQO
-- BD-RjUL
Language of cataloging eng
041 1# - LANGUAGE CODE
Language code of text/sound track or separate title engper
082 04 - DEWEY DECIMAL CLASSIFICATION NUMBER
Edition number 19
Classification number 954.5
Author mark and year SUO 1961
100 1# - MAIN ENTRY--PERSONAL NAME
Personal name Suri, Sohan Lal,
Dates associated with a name -1852.
9 (RLIN) 85147
245 13 - TITLE STATEMENT
Title An outstanding original source of Panjab history :
Remainder of title Umdat-ut-tawarikh, daftar III, parts I-V : chronicle of the reign of Maharaja Ranjit Singh, 1831-1839 A.D /
Statement of responsibility, etc. translated from Persian into English with corresponding Christian dates and explanatory and elucidatory notes by V. S. Suri ; foreword by Sita Ram Kohli.
246 10 - VARYING FORM OF TITLE
Title proper/short title Umdat-ut-tawarikh :
Remainder of title dafter III, parts I-V
260 ## - PUBLICATION, DISTRIBUTION, ETC. (IMPRINT)
Place of publication, distribution, etc. Delhi :
Name of publisher, distributor, etc. S. Chand,
Date of publication, distribution, etc. 1961.
300 ## - PHYSICAL DESCRIPTION
Pagination xxxiv, 724 p. :
Illustrations ill. ;
Size 23 cm.
504 ## - BIBLIOGRAPHY, ETC. NOTE
Bibliography, etc Includes index.
651 #0 - SUBJECT ADDED ENTRY--GEOGRAPHIC NAME
Geographic name Punjab (Pakistan)
General subdivision History.
9 (RLIN) 85148
700 1# - ADDED ENTRY--PERSONAL NAME
Personal name Suri, Vidya Sagar.
942 ## - ADDED ENTRY ELEMENTS (KOHA)
Source of classification or shelving scheme Dewey Decimal Classification
Koha item type Books
Holdings
Lost status Source of classification or shelving scheme Damaged status Not for loan Collection code Permanent Location Current Location Shelving location Date acquired Source of acquisition Cost, normal purchase price Total Checkouts Full call number Date last seen Copy number Koha item type
  Dewey Decimal Classification   Added to bundle Non-fiction Central Library, University of Rajshahi Central Library, University of Rajshahi Reading Room 14/01/1965 Book centre. 43.75   954.5 SUO 1961 27/03/2014 C-1 Books